Misteri dalam ekspedisi

Bibliographic Details
Main Author: Badaria Mohd Kurid
Format: Book
Published: Kuala Lumpur : Utusan Publications & Distrubutors Sdn.Bhd. , 1993
Series:Galeri Bacaan Remaja
Subjects:

MARC

LEADER 00000cam a2200000 7i4500
001 0000000613
002 000000704
005 20000330.0
020 |a 9676102830 
090 0 0 |a JF   |b BAD 
100 0 |a Badaria Mohd Kurid 
245 1 0 |a Misteri dalam ekspedisi   |c Badaria Mohd. Kurid 
260 |a Kuala Lumpur :   |b Utusan Publications & Distrubutors Sdn.Bhd. ,   |c 1993 
300 |a 98 p. ;   |c 22 cm. 
490 0 |a Galeri Bacaan Remaja 
650 0 0 |a Children's stories, Malay 
999 |a 030359   |b BUKU   |c YOUTH FICTION   |e PERPUSTAKAAN KOMUNITI PETALING JAYA